Špecifiká uplatňovania jednotlivých prvkov medzinárodného marketingového programu farmaceutických firiem s akcentom na ich etický rozmer

Zvyšujúce sa nároky v oblasti etiky pri napĺňaní podnikateľských zámerov farmaceutických spoločností. Špecifiká základných prvkov marketingového mixu farmaceutických firiem - výrobková politika, cenová politika, distribučná politika, komunikačná politika.

Salvato in:
Dettagli Bibliografici
Autore principale: Zorkóciová, Otília, 1954-
Altri autori: Farkašová, Nora
Natura: Capitolo di libro
Lingua:slovacco
Soggetti:
Tags: Aggiungi Tag
Nessun Tag, puoi essere il primo ad aggiungerne!!

MARC

LEADER 00000naa$a2200000$$$4500
001 0098203
005 20240502072102.8
041 0 |a slo 
044 |a SK 
245 1 0 |a Špecifiká uplatňovania jednotlivých prvkov medzinárodného marketingového programu farmaceutických firiem s akcentom na ich etický rozmer  |c Otília Zorkóciová, Nora Farkašová 
520 |a Zvyšujúce sa nároky v oblasti etiky pri napĺňaní podnikateľských zámerov farmaceutických spoločností. Špecifiká základných prvkov marketingového mixu farmaceutických firiem - výrobková politika, cenová politika, distribučná politika, komunikačná politika. 
610 2 0 |a priemysel farmaceutický 
610 2 0 |a marketing mix 
610 2 0 |a etika 
100 1 |a Zorkóciová, Otília, 1954- 
700 1 |a Farkašová, Nora